000 00315nam a22001217a 4500
008 230703b xxu||||| |||| 00| 0 eng d
082 _a350
_bKIA
100 _cKIA
245 _aKenya Institute of Administration
_bKiswahili Vocabulary Development Project
260 _aKenya
_bKIA
300 _a41p
942 _2ddc
_cBK
999 _c3142
_d3142